Central Library OPAC University of Rajshahi

The golden apples / (Record no. 19260)

MARC details
000 -LEADER
fixed length control field 00763nam a2200253 a 4500
001 - CONTROL NUMBER
control field 19260
003 - CONTROL NUMBER IDENTIFIER
rucl marc code BD-RjUL
005 - DATE AND TIME OF LATEST TRANSACTION
control field 20211209000416.0
008 - FIXED-LENGTH DATA ELEMENTS--GENERAL INFORMATION
fixed length control field 140223s1949 enk 000 1 eng|d
035 ## - SYSTEM CONTROL NUMBER
System control number (Uk)015766583
System control number (StEdALDL)1/2569517
System control number (OCoLC)732601546
-- (BD-RjUL)19318
040 ## - CATALOGING SOURCE
Original cataloging agency StDuBDS
Language of cataloging eng
Transcribing agency StDuBDS
Modifying agency BD-RjUL
041 ## - LANGUAGE CODE
Language code of text/sound track or separate title eng
082 04 - DEWEY DECIMAL CLASSIFICATION NUMBER
Classification number 813.52
Edition number 22
Author mark and year WEG 1949
100 1# - MAIN ENTRY--PERSONAL NAME
Personal name Welty, Eudora.
Dates associated with a name 1909-2001.
9 (RLIN) 59249
245 14 - TITLE STATEMENT
Title The golden apples /
Statement of responsibility, etc. Eudora Welty.
260 ## - PUBLICATION, DISTRIBUTION, ETC. (IMPRINT)
Place of publication, distribution, etc. New York :
Name of publisher, distributor, etc. A harvest book,
Date of publication, distribution, etc. c1949.
300 ## - PHYSICAL DESCRIPTION
Pagination 277 p. ;
Size 20 cm.
490 1# - SERIES STATEMENT
Series statement Modern classics
651 #0 - SUBJECT ADDED ENTRY--GEOGRAPHIC NAME
Geographic name Montana
General subdivision Social life and customs
Chronological subdivision 20th century
Form subdivision Fiction.
9 (RLIN) 59250
830 #0 - SERIES ADDED ENTRY--UNIFORM TITLE
Uniform title Penguin modern classics
942 ## - ADDED ENTRY ELEMENTS (KOHA)
Source of classification or shelving scheme Dewey Decimal Classification
Koha item type Books
Holdings
Lost status Source of classification or shelving scheme Damaged status Not for loan Collection code Permanent Location Current Location Shelving location Date acquired Source of acquisition Cost, normal purchase price Total Checkouts Full call number Date last seen Copy number Koha item type
  Dewey Decimal Classification   Not For Loan Fiction Central Library, University of Rajshahi Central Library, University of Rajshahi Reading Room 28/04/1965 Zeitlinger 11.00   813.52 WEG 1949 23/02/2014 C-1 Books